| 000 | 00577nam a22002055i 4500 | ||
|---|---|---|---|
| 001 | 176490 | ||
| 003 | ES-MaACL | ||
| 005 | 20230906220111.0 | ||
| 008 | 110119s1982 sp |||| | spa d | ||
| 020 | _a84-7245-134-8 | ||
| 080 | _a008"19" | ||
| 100 | 1 |
_aMorin, Edgar. _983564 |
|
| 245 | 1 | 0 |
_aPara salir del siglo XX / _cEdgar Morin ; [traducción: Jordi Fibla]. |
| 250 | _a1ª ed. | ||
| 260 |
_aBarcelona : _bKairós, _c1982. |
||
| 300 |
_a361 p. ; _c20 cm. |
||
| 650 | 0 | 4 |
_aCivilización- _yS.XX. _911085 |
| 700 | 0 |
_aFibla, Jordi. _950670 |
|
| 852 |
_aES-MaACL _jE-14092 |
||
| 999 |
_c176490 _d176490 |
||